|
|
|
|
| LEADER |
00830nam a2200241 a 4500 |
| 001 |
1981316 |
| 008 |
090521s1989 si a b 001 0 eng d |
| 010 |
|
|
|a 89028219
|
| 020 |
|
|
|a 997150667x
|
| 020 |
|
|
|a 9971506599
|
| 040 |
|
|
|a DLC
|c DLC
|d DLC
|
| 082 |
0 |
0 |
|a 515/.5
|2 20
|
| 100 |
1 |
|
|a Wang, Z. X.
|
| 245 |
1 |
0 |
|a Special functions /
|c Z.X. Wang, D.R. Guo.
|
| 260 |
|
|
|a Singapore ;
|a New Jersey :
|b World Scientific,
|c 1989.
|
| 300 |
|
|
|a xiii, 422 p. :
|b ill. ;
|c 24 cm.
|
| 504 |
|
|
|a Includes bibliographical references.
|
| 541 |
1 |
|
|e 00014657
|
| 650 |
|
0 |
|a Functions.
|
| 700 |
1 |
|
|a Guo, D. R.
|
| 852 |
4 |
|
|a Ayesha Abed Library
|j General Shelf.
|
| 999 |
|
|
|c 983
|d 983
|
| 952 |
|
|
|0 0
|1 0
|2 ddc
|4 0
|6 515_500000000000000_WAN
|7 0
|9 890
|a BRACUL
|b BRACUL
|c GEN
|d 2006-03-30
|e JCTP
|l 0
|o 515.5 WAN
|p 3010014657
|r 2009-06-22
|t 1
|w 2009-06-22
|y BK
|x Not price in Register
|